000 nam a22 7a 4500
999 _c7319
_d7319
008 170811b xxu||||| |||| 00| 0 eng d
100 _93858
_aStandard Educational Corporation
245 _aNew Standared Encyclopedia
260 _aChicago
_bNew Standard Corporation